[Event "Linares Anibal op"]
[Site "Linares"]
[Date "1999.01.16"]
[Round "9"]
[White "Yegiazarian, Arsen"]
[Black "Genba, Vladimir"]
[Result "0-1"]
[WhiteElo "2500"]
[BlackElo "2450"]

1.e4 c5 2.Nf3 Nc6 3.Nc3 g6 4.Bc4 Bg7 5.O-O e6 6.d4 Nxd4 7.Nxd4 cxd4 8.Nb5 Qb6
9.c3 Ne7 10.Nxd4 O-O 11.Be3 Qc7 12.Bb3 a6 13.Qd2 d6 14.Rad1 Bd7 15.Bg5 Rfe8
16.Qf4 Nc8 17.Qh4 Nb6 18.f4 Ba4 19.Rd3 Bxb3 20.axb3 f5 21.exf5 exf5 22.Rfd1 Re4
23.Bh6 Bxh6 24.Qxh6 Nd5 25.Nxf5 Nxf4 26.Ng3 Qb6+ 27.Rd4 Rxd4 28.cxd4 Qxb3
29.Rf1 Qe3+ 30.Kh1 Nxg2 31.Qxe3 Nxe3 32.Re1 Nc4 33.b3 Na5 34.Re7 d5 35.b4 Nc6
36.Rxb7 Nxd4 37.Rd7 Nc6 38.Rxd5 Nxb4 39.Rd7 Rf8 40.Kg2 Rf7 41.Rd8+ Kg7 42.Ne4 Ra7
43.Nc5 a5 44.Rb8 Nd5 45.Na4 Rf7 46.Nc5 Ne3+ 47.Kg3 Rf5 48.Ne6+ Kf6 49.Nd4 Rd5
50.Nf3 Nc4 51.h4 h6 52.Rf8+ Kg7 53.Ra8 Ne5 54.Ne1 Kf6 55.Ng2 Rd3+ 56.Kf4 Rd4+
57.Ke3 Ra4 58.Rf8+ Ke7 59.Ra8 Ke6 60.Rf8 g5 61.hxg5 hxg5 62.Re8+ Kf5 63.Rf8+ Kg4
64.Re8 Nf3 65.Kd3 Kg3 66.Ne3 Kf2 67.Nd1+ Kg1 68.Nc3 Rb4 69.Ra8 Ne5+ 70.Kc2 Nc6
71.Ra6 Nd4+ 72.Kd3 Nb3 73.Rg6 Nc5+ 74.Ke3 g4  0-1

[Event "Sydney Challenge op"]
[Site "Sydney"]
[Date "1999.01.26"]
[Round "2"]
[White "Tindall, Brett"]
[Black "Caoili, Arianne"]
[Result "1/2-1/2"]
[WhiteElo "2250"]
[BlackElo "2041"]

1.e4 c5 2.Nc3 Nc6 3.Nge2 e5 4.Nd5 Nge7 5.Nec3 Nxd5 6.Nxd5 g6 7.Bc4 Bg7 8.d3 d6
9.h4 h6 10.Be3 a6 11.a4 Rb8 12.Qf3 Be6 13.Nc3 Nd4 14.Bxd4 cxd4 15.Nd5 b5
16.axb5 axb5 17.Bb3 O-O 18.Ra7 Kh8 19.Qg3 Ra8 20.Rxa8 Qxa8 21.O-O Qd8 22.f4 exf4
23.Qxf4 f5 24.Qg3 fxe4 25.Rxf8+ Qxf8 26.dxe4 Kh7 27.Qd3 Bd7 28.Qf3 Bc6 29.Nb4 Be8
30.Qxf8 Bxf8 31.Kf2 g5 32.hxg5 hxg5 33.Be6 Kg7 34.g4 Be7 35.Nd5 Bd8 36.Ke2 Bc6
37.b4 Bxd5 38.Bxd5 Kf6 39.Kd3 Ke5 40.Bc6 Be7 41.Bxb5 d5 42.exd5 Bxb4 43.Kc4 Bd6
44.Bd7 Be7 45.Be6 Bd6 46.Kb5 Bb8 47.Kc6 Bd6 48.Kd7 Bb4 49.Ke8 Bd2 50.Ke7 Bb4+
51.Kf7 Bc3 52.Kg6 Bd2 53.Kf7 Bc1 54.Kg6 Bd2 55.Kf7 Bc1  1/2-1/2

[Event "Mermaid Beach Club"]
[Site "Bermuda"]
[Date "1999.01.28"]
[Round "8"]
[White "Nataf, Igor Alexandre"]
[Black "Chandler, Murray G"]
[Result "1/2-1/2"]
[WhiteElo "2475"]
[BlackElo "2520"]

1.e4 c5 2.Nf3 Nc6 3.Nc3 e5 4.Bc4 d6 5.d3 Be7 6.Nd2 Bg5 7.Nf1 Bxc1 8.Rxc1 Nge7
9.Ne3 O-O 10.O-O Be6 11.Ncd5 Kh8 12.Nxe7 Nxe7 13.c3 d5 14.exd5 Nxd5 15.Qf3 Nxe3
16.Qxe3  1/2-1/2

[Event "Mermaid Beach Club"]
[Site "Bermuda"]
[Date "1999.01.29"]
[Round "9"]
[White "Arizmendi Martinez, Julen Luis"]
[Black "Nataf, Igor Alexandre"]
[Result "1/2-1/2"]
[WhiteElo "2472"]
[BlackElo "2475"]

1.e4 c5 2.Nf3 Nc6 3.Nc3 e5 4.Bc4 d6 5.d3 Be7 6.Nd2 Bg5 7.h4 Bxd2+ 8.Bxd2 Nf6
9.Bg5 h6 10.Bxf6 Qxf6 11.Nd5 Qd8 12.c3 Be6 13.Qf3 a6 14.Ne3 Qd7 15.Nd5 Qd8
16.Ne3 Qd7 17.Nd5 Qd8  1/2-1/2

[Event "Nova Gorica op"]
[Site "Nova Gorica"]
[Date "1999.02.02"]
[Round "6"]
[White "Varini, Massimo"]
[Black "Kutuzovic, Branko"]
[Result "0-1"]
[WhiteElo "2085"]
[BlackElo "2465"]

1.e4 c5 2.Nf3 Nc6 3.Nc3 g6 4.Ne2 Nf6 5.Ng3 d5 6.e5 Ng4 7.Bb5 Bg7 8.Qe2 Qc7
9.d4 cxd4 10.Bf4 O-O 11.Bxc6 bxc6 12.h3 Nh6 13.Qd2 Nf5 14.e6 Nd6 15.exf7+ Rxf7
16.Ne5 Rxf4 17.Qxf4 Nf5 18.Nxf5 Bxe5 19.Nh6+ Kg7 20.Qf7+ Kxh6 21.O-O-O e6
22.Qf8+ Qg7 23.Qd8 Qf6 24.Qe8 Rb8 25.Qxc6 Qxf2 26.Rd3 Bb7 27.Qxe6 Rc8 28.Rd2 Bf4
29.Qe1 Qxe1+ 30.Rxe1 d3 31.c3 d4 32.Kd1 dxc3  0-1

[Event "Yangon schev"]
[Site "Yangon"]
[Date "1999.02.04"]
[Round "5"]
[White "Al Modiahki, Mohamad"]
[Black "Nyee Nyee Zaw"]
[Result "1-0"]
[WhiteElo "2530"]
[BlackElo "2487"]

1.e4 c5 2.Nc3 Nc6 3.Nf3 d6 4.d4 cxd4 5.Nxd4 Nf6 6.g3 Bd7 7.Bg2 g6 8.Nde2 Bg7
9.h3 O-O 10.O-O Rc8 11.a4 Nb4 12.Be3 a5 13.Qd2 Be6 14.Nd4 Bc4 15.Rfd1 Nd7
16.Rac1 Ba6 17.Nd5 Ne5 18.b3 Nxd5 19.exd5 Qc7 20.c4 Nd7 21.Bh6 Nc5 22.Bxg7 Kxg7
23.Re1 Rce8 24.Qb2 Kg8 25.Re3 Qb6 26.Qc3 Qc7 27.Rce1 b6 28.R1e2 f6 29.Qe1 Rf7
30.h4 Bc8 31.Qf1 Rg7 32.Bh3 f5 33.Bg2 Rf7 34.Qe1 Kf8 35.Qc3 Kg8 36.f4 Rg7
37.Nc6 Bb7 38.Nd4 Bc8 39.h5 gxh5 40.Kh2 Rf8 41.Nc6 Rff7 42.Bf3 Ne4 43.Bxe4 fxe4
44.Rxe4 Qd7 45.Re6 Qc7 46.Rh6 Qd7 47.Ree6 Qe8 48.Re3 Qf8 49.Rxh5 Bg4 50.Rh4 Rxf4
51.gxf4 Qxf4+ 52.Kg1 Qg5 53.Nxe7+ Kf8 54.Rg3  1-0

[Event "RUS-Cup03 (Geller mem)"]
[Site "Moscow"]
[Date "1999.02.07"]
[Round "6"]
[White "Bochkarev, Alexander"]
[Black "Dolinskij, Boris"]
[Result "1-0"]
[WhiteElo "2457"]
[BlackElo "2376"]

1.e4 c5 2.Nc3 Nc6 3.Bb5 e6 4.Bxc6 bxc6 5.d3 Ne7 6.Nge2 Ng6 7.O-O Be7 8.f4 O-O
9.f5 Ne5 10.Ng3 d5 11.Kh1 Kh8 12.Bf4 Bd6 13.Qh5 f6 14.Nce2 Bd7 15.b3 a5 16.Nc3 Rb8
17.Rad1 Rb7 18.Na4 exf5 19.exf5 Qc7 20.Bd2 Ra7 21.Rde1 Be8 22.Qd1 Kg8 23.Bc1 Bf7
24.Be3 Raa8 25.c3 Qa7 26.Bf4 Qc7 27.Qd2 Rfe8 28.Re2 h5 29.d4 cxd4 30.cxd4 Nd7
31.Bxd6 Qxd6 32.Rxe8+ Rxe8 33.Rc1 h4 34.Ne2 h3 35.gxh3 Bh5 36.Ng3 Bf3+ 37.Kg1 Qc7
38.Rf1 Be4 39.Qc3 Qa7 40.Rc1 Ne5 41.Rf1 Re7 42.Nc5 Nd7 43.Ncxe4 dxe4 44.Qc4+ Rf7
45.Nxe4 Ne5 46.Qc5 Nd3 47.Qc4 Ne5 48.Qc3 Rd7 49.Nc5 Rd5 50.Ne6 Nd7 51.Rf4 c5
52.Qf3 Rd6 53.Qh5 Nf8 54.Nxf8 Kxf8 55.Qh8+ Kf7 56.Rg4 g5  1-0

[Event "Yangon schev"]
[Site "Yangon"]
[Date "1999.02.08"]
[Round "9"]
[White "Htun Lynn Kyaw"]
[Black "Bu Xiangzhi"]
[Result "1/2-1/2"]
[WhiteElo "2541"]
[BlackElo "2365"]

1.e4 c5 2.Nc3 Nc6 3.Nf3 d6 4.d4 cxd4 5.Nxd4 Nf6 6.Bg5 e6 7.Qd2 a6 8.O-O-O h6
9.Be3 Ng4 10.Nxc6 bxc6 11.Bc5 d5 12.Bxf8 Kxf8 13.Qd4 e5 14.Qc5+ Qe7 15.Qxe7+ Kxe7
16.exd5 Nxf2 17.d6+ Kd8 18.Bc4 Bg4 19.Rdf1 Nxh1 20.Ne4 Ra7 21.Nc5 Rd7 22.Nxd7 Kxd7
23.Rxf7+ Kxd6 24.Rf1 Be6 25.Bxe6 Kxe6 26.Kd2 Rg8 27.b3  1/2-1/2

[Event "RUS-Cup03 (Geller mem)"]
[Site "Moscow"]
[Date "1999.02.09"]
[Round "8"]
[White "Bochkarev, Alexander"]
[Black "Strukov, Robert"]
[Result "1/2-1/2"]
[WhiteElo "2457"]
[BlackElo "2325"]

1.e4 c5 2.Nc3 Nc6 3.Bb5 Na5 4.Be2 d6 5.f4 e6 6.Nf3 Nf6 7.O-O Be7 8.d4 cxd4
9.Nxd4 O-O 10.Bf3 e5 11.Nf5 Bxf5 12.exf5 Re8 13.g4 exf4 14.Bxf4 Qb6+ 15.Kh1 Qxb2
16.Ne2 Bf8 17.g5 Ne4 18.Qd5 Nc5 19.Rab1 Qxc2 20.Nd4 Qa4 21.g6 Qd7 22.Rb5 b6
23.gxf7+ Qxf7 24.Qxf7+ Kxf7 25.Bxa8 Rxa8 26.Rbb1 Nc4 27.Rbd1 a6 28.Kg2 b5
29.Rf3 Re8 30.Kf1 Re4 31.Nb3 Rxf4 32.Rxf4 Ne3+ 33.Ke2 Nxd1 34.Kxd1 Nxb3 35.axb3 Kf6
36.Re4 d5 37.Re6+ Kxf5 38.Rxa6 b4 39.Ra7 Kf6 40.Ke2 Bd6 41.h3 Be5 42.Kf3 h5
43.Rd7 Ke6 44.Rb7 Bc3 45.Rb6+ Kf5 46.Rd6  1/2-1/2

[Event "Koltanowski Team Match"]
[Site "San Francisco"]
[Date "1999.02.09"]
[Round "8"]
[White "Berry, Jonathan"]
[Black "Cartagena, Omar"]
[Result "0-1"]
[WhiteElo "2315"]
[BlackElo "2440"]

1.e4 c5 2.Nf3 Nc6 3.Nc3 e6 4.g3 Nf6 5.Bg2 d6 6.O-O Be7 7.d3 O-O 8.h3 Rb8
9.Nh2 e5 10.f4 exf4 11.gxf4 Bd7 12.Ng4 b5 13.a3 a5 14.Kh2 b4 15.axb4 Nxb4
16.Bf3 Kh8 17.Rg1 Nc6 18.Ne3 Nd4 19.Nc4 a4 20.Nxa4 d5 21.Ne5 dxe4 22.dxe4 Be6
23.Be3 Qc7 24.Bxd4 Rfd8 25.Qe1 Rxd4 26.Qg3 g6 27.f5 Bd6  0-1

[Event "RUS-Cup03 (Geller mem)"]
[Site "Moscow"]
[Date "1999.02.10"]
[Round "1"]
[White "Losev, Dmitry"]
[Black "Vaulin, Alexander"]
[Result "0-1"]
[WhiteElo "2345"]
[BlackElo "2547"]

1.e4 c5 2.Nc3 Nc6 3.Nf3 Nd4 4.Bc4 e6 5.O-O Bd6 6.Nxd4 cxd4 7.Nb5 Bb8 8.d3 Qb6
9.a4 Nf6 10.a5 Qc5 11.b4 Qxb4 12.Ba3 Qxa5 13.Nd6+ Bxd6 14.Bxd6 Qd8 15.e5 Ng8
16.f4 Nh6 17.f5 Qg5 18.fxe6 fxe6 19.Kh1 Nf5 20.Qf3 h5 21.Rae1 g6 22.Re4  0-1

[Event "RUS-Cup03 (Geller mem)"]
[Site "Moscow"]
[Date "1999.02.13"]
[Round "4"]
[White "Landa, Konstantin"]
[Black "Strukov, Robert"]
[Result "1-0"]
[WhiteElo "2542"]
[BlackElo "2325"]

1.e4 c5 2.Nc3 Nc6 3.Nf3 g6 4.d4 cxd4 5.Nxd4 Bg7 6.Be3 d6 7.Qd2 Nf6 8.f3 O-O
9.O-O-O d5 10.Kb1 e6 11.g4 Qe7 12.g5 Nh5 13.exd5 Nxd4 14.Bxd4 Bxd4 15.Qxd4 Qxg5
16.d6 Bd7 17.Bd3 b6 18.Rhg1 Qf4 19.Qf2 Bc6 20.Be4 Bxe4 21.Nxe4 Rad8 22.Rd4 Qe5
23.Re1 Rd7 24.Ng3 Qg5 25.f4 Qh6 26.Nxh5 Qxh5 27.a4 Rfd8 28.Red1 Qf5 29.Qe2 a5
30.Qa6 Qc5 31.Rc4 Qh5 32.Rcd4 Qc5 33.Qd3 Rc8 34.b3 Qc3 35.Qe2 Qc6 36.Rc4 Qb7
37.Rxc8+ Qxc8 38.Qb5 Qb7 39.h4 h5 40.Kb2 Rd8 41.Rd4 Qb8 42.Qc6 Rc8 43.Qd7 Kg7
44.Qe7 Rf8 45.d7 Rd8 46.Rc4 Rf8 47.Qxf8+  1-0

[Event "St Helier Tohmatsu op"]
[Site "St Helier"]
[Date "1999.02.15"]
[Round "2"]
[White "Meyer, Juergen"]
[Black "Corkett, Anthony"]
[Result "0-1"]
[WhiteElo "2112"]
[BlackElo "2255"]

1.e4 c5 2.Nf3 Nc6 3.Nc3 g6 4.d4 cxd4 5.Nxd4 Bg7 6.Be3 Nf6 7.Qd2 O-O 8.O-O-O Ng4
9.Nb3 a5 10.Nd5 Nxe3 11.Qxe3 a4 12.Nc5 e6 13.Nc3 a3 14.Bc4 axb2+ 15.Kb1 Qa5
16.Ne2 Nb4 17.e5 Nxa2 18.Kxb2 Qb4+ 19.Bb3 Qa3+ 20.Kb1 Nc1 21.Na4 Nxe2 22.Qxe2 Rxa4  0-1

[Event "Goodricke 10th op"]
[Site "Calcutta"]
[Date "1999.02.16"]
[Round "11"]
[White "Sareen, Vishal"]
[Black "Vishveswaran, K."]
[Result "1-0"]
[WhiteElo "2355"]
[BlackElo "2270"]

1.e4 c5 2.Nc3 Nc6 3.Nge2 e5 4.Nd5 Nf6 5.Nec3 Nxd5 6.Nxd5 g6 7.Bc4 Bg7 8.d3 d6
9.c3 Be6 10.O-O O-O 11.f4 exf4 12.Bxf4 Ne5 13.Bb3 Kh8 14.Qd2 f5 15.Rae1 fxe4
16.dxe4 Qa5 17.Ne3 c4 18.Bxe5 Bxe5 19.Bxc4 Bxc4 20.Nxc4 Qc5+ 21.Ne3 Rae8
22.Rxf8+ Rxf8 23.g3 Re8 24.Kg2 Bg7 25.Nd5 Qc4 26.b3 Qc8 27.Qd3 Qg4 28.Qf3 Qc8
29.Rf1 Rf8 30.Qd3 Re8 31.Rf7 Kg8 32.Ne7+ Kxf7 33.Nxc8 Rxc8 34.Qd5+  1-0

[Event "Portuguese Masters"]
[Site "Caldas de Felgueira"]
[Date "1999.02.20"]
[Round "1"]
[White "Ribeiro, Fernando"]
[Black "Cordovil, Joao"]
[Result "1/2-1/2"]
[WhiteElo "2286"]
[BlackElo "2214"]

1.e4 c5 2.Nf3 Nc6 3.Nc3 a6 4.g3 g6 5.d4 cxd4 6.Nxd4 Bg7 7.Be3 Nf6 8.Bg2 O-O
9.O-O Ng4 10.Qxg4 Nxd4 11.Qd1 Nc6 12.Nd5 d6 13.Bb6 Qd7 14.f4 e6 15.Nc3 Qe7
16.a3 Re8 17.Qd2 f5 18.Rad1 Bf8 19.Rfe1 Rb8 20.Kh1 Qf7 21.exf5 gxf5 22.Bf3 Be7
23.Qe2 Bd8 24.Bh5 Qf8 25.Bf2 Bc7 26.Bxe8 Qxe8 27.Nd5 Qd8 28.Nxc7 Qxc7 29.Qd3 d5
30.Bd4 Bd7 31.c3 Re8 32.Qe3 b5 33.Be5 Qb7 34.Bd4 Re7 35.Rg1 h5 36.Qe2 Rh7
37.Rg2 Kf7 38.Ra1 a5 39.b3 Qb8 40.Qd2 Qa8 41.Rc1 a4 42.bxa4 Qxa4 43.Qb2 Ke8
44.Rb1 Ne7 45.Qb4 Qa8 46.h3 Kf7 47.Qd6 Qc6 48.Qe5 Qc4 49.Re1 Ke8 50.Kh2 Kd8
51.Qb8+ Nc8 52.Bf6+ Ke8 53.Qe5 Kf7 54.Bg5 Kg8 55.Qf6 Ne7 56.Qd4 Qxd4 57.cxd4 Nc6
58.Rd2 Kf7 59.Rc1 Rh8 60.Rc5 Ra8 61.Rd3 Rb8 62.g4 hxg4 63.hxg4 fxg4 64.Kg3 Rb7
65.f5 exf5 66.Rxd5 b4 67.axb4 Nxb4 68.Rb3 Be6 69.Rxf5+ Bxf5 70.Bd2  1/2-1/2

[Event "Portuguese Masters"]
[Site "Caldas de Felgueira"]
[Date "1999.02.22"]
[Round "3"]
[White "Ribeiro, Fernando"]
[Black "Frois, Antonio"]
[Result "0-1"]
[WhiteElo "2286"]
[BlackElo "2405"]

1.e4 c5 2.Nf3 Nc6 3.Nc3 g6 4.Bb5 Bg7 5.O-O e5 6.d3 Nge7 7.Be3 d6 8.Qd2 O-O
9.Bh6 a6 10.Bc4 b5 11.Bb3 Na5 12.Bxg7 Kxg7 13.Bd5 Rb8 14.a3 Nxd5 15.Nxd5 Nc6
16.c3 Be6 17.d4 cxd4 18.cxd4 Bg4 19.dxe5 Bxf3 20.gxf3 dxe5 21.Qe3 Nd4 22.Rac1 Qg5+
23.Kh1 Qh5 24.Rc3 Rbc8 25.Rd3 Rc2 26.b4 Qh3 27.Re1 Re2 28.Qc1 Rxf2  0-1

[Event "Belisce Metalis op 6th"]
[Site "Belisce"]
[Date "1999.02.26"]
[Round "5"]
[White "Jovanovic, Zoran2"]
[Black "Sale, Srdjan"]
[Result "1/2-1/2"]
[WhiteElo "2268"]
[BlackElo "2415"]

1.e4 c5 2.Nf3 Nc6 3.Nc3 d6 4.d4 cxd4 5.Nxd4 Nf6 6.Bc4 Bd7 7.Bb3 g6 8.f3 Bg7
9.Be3 Rc8 10.Qd2 Qa5 11.O-O-O Ne5 12.Kb1 Nc4 13.Bxc4 Rxc4 14.Nb3 Qc7 15.Bh6 Bxh6
16.Qxh6 Rxc3 17.bxc3 Qxc3 18.Rd3 Qe5 19.Re1 g5 20.g3 Rg8 21.f4 Qb5 22.fxg5 Rxg5
23.e5 Rxe5 24.Rxe5 Qxe5 25.Re3 Qf5 26.Qg7 Bc6 27.Nd4 Qf2 28.Qg5 Bd7 29.Qf4 Qg1+
30.Kb2 Kd8 31.Nf3 Qg2 32.Qb4 Bc6 33.Nd4 Kd7 34.Nxc6 Qxc6 35.Rb3 b6 36.Rc3 Qb7
37.Qb5+ Kd8 38.Qf5 Qd7 39.Qd3 Qa4 40.Ra3 Qb4+  1/2-1/2

[Event "EST-chT"]
[Site "Tallinn"]
[Date "1999.02.26"]
[Round "1"]
[White "Ranniku, Maaja"]
[Black "Piarnpuu, Leili"]
[Result "0-1"]
[WhiteElo "2110"]
[BlackElo "2233"]

1.e4 c5 2.Nf3 Nc6 3.Nc3 d6 4.d4 cxd4 5.Nxd4 Nf6 6.Be2 e5 7.Nb3 Be7 8.O-O O-O
9.Be3 a5 10.a4 Be6 11.f4 Nb4 12.Nd2 exf4 13.Rxf4 d5 14.e5 Nd7 15.Nf3 Qc7
16.Bd4 Nc6 17.Nb5 Qb8 18.h4 Ndxe5 19.Ng5 Bxg5 20.hxg5 Ng6 21.Rf2 Nxd4 22.Nxd4 Qe5
23.Qd2 Bd7 24.b3 Rae8 25.Rd1 Qe3 26.Qxa5 Qxg5 27.Qc7 Bc8 28.Bb5 Re4 29.Nf3 Qh5
30.Bd3 Rg4 31.Bxg6 Rxg6 32.Re1 Bg4 33.Re5 Qh6 34.Rxd5 Qc1+ 35.Kh2 Rh6+ 36.Kg3 Bxf3
37.Rxf3 Qe1+ 38.Kf4 Re8 39.Qc4 Rf6+ 40.Rf5 Qh4+ 41.g4  0-1

[Event "AUT-chT2M 9899"]
[Site "Austria"]
[Date "1999.02.27"]
[Round "8"]
[White "Peterwagner, Heinz"]
[Black "Hager, Herbert"]
[Result "1-0"]
[WhiteElo "2215"]
[BlackElo "2205"]

1.e4 c5 2.Nc3 Nc6 3.Nf3 Nf6 4.d4 cxd4 5.Nxd4 d6 6.Be2 e6 7.O-O Be7 8.Be3 O-O
9.f4 a6 10.Bf3 Qc7 11.Kh1 Bd7 12.Qe1 Nxd4 13.Bxd4 e5 14.Be3 b5 15.fxe5 dxe5
16.Qg3 Kh8 17.Bg5 Be6 18.Rf2 Rac8 19.Raf1 Rfd8 20.Bxf6 gxf6 21.Nd5 Bxd5 22.exd5 Qc4
23.b3 Qd4 24.Rd1 Qc3 25.Qh4 Rg8 26.Be4 Rg7 27.Rf3 Qb4 28.Qh3 Rcg8 29.Qf5 Qd6
30.Rh3 Rg6 31.Qh5 R8g7  1-0

[Event "EST-chT"]
[Site "Tallinn"]
[Date "1999.02.27"]
[Round "2"]
[White "Sepp, Olav"]
[Black "Jemeljanov, Anatoli"]
[Result "1/2-1/2"]
[WhiteElo "2397"]
[BlackElo "2165"]

1.e4 c5 2.Nf3 Nc6 3.Nc3 Nf6 4.d4 cxd4 5.Nxd4 e5 6.Ndb5 d6 7.Bg5 a6 8.Na3 Be7
9.Bxf6 Bxf6 10.Nc4 Be7 11.Nd5 Be6 12.Ncb6 Rb8 13.Bc4 O-O 14.O-O Re8 15.c3 Bf8
16.a4 Kh8 17.b4 Ne7 18.a5 Ng6 19.Qh5 Nf4 20.Nxf4 exf4 21.Bxe6 Rxe6 22.Qxf7 Rxe4
23.Rfe1 Qe8 24.Qxe8 Rbxe8 25.Rxe4 Rxe4 26.Kf1 g5 27.Re1 Re5 28.Nd7 Rxe1+
29.Kxe1 Bg7 30.Kd2 Kg8 31.Kd3 Kf7 32.Nb6 Ke6 33.c4 h6 34.Nd5 Be5 35.Ke4 Bg7
36.f3 Bh8 37.g3 fxg3 38.hxg3 h5 39.f4 h4 40.gxh4 gxh4 41.f5+ Kf7 42.Kf4 Be5+
43.Kg4 Bg3 44.b5 Be1  1/2-1/2

[Event "BL9899 (Women)"]
[Site "Germany"]
[Date "1999.02.28"]
[Round "9.1"]
[White "Lalic, Susan"]
[Black "Dworakowska, Joanna"]
[Result "1/2-1/2"]
[WhiteElo "2335"]
[BlackElo "2323"]

1.e4 c5 2.Nc3 Nc6 3.Bb5 Nd4 4.Bc4 g6 5.Nce2 Nc6 6.c3 Bg7 7.Nf3 e6 8.O-O Nge7
9.d4 d5 10.exd5 exd5 11.Bb5 c4 12.Bg5 f6 13.Bf4 O-O 14.b3 cxb3 15.axb3 a6
16.Bd3  1/2-1/2

[Event "Victor Ciocaltea Memorial"]
[Site "Bucharest"]
[Date "1999.03.06"]
[Round "3"]
[White "Marjanovic, Slavoljub"]
[Black "Florean, Andrei"]
[Result "1/2-1/2"]
[WhiteElo "2451"]
[BlackElo "2459"]

1.e4 c5 2.Nc3 Nc6 3.Nge2 e5 4.Nd5 d6 5.Nec3 Be6 6.Bc4 a6 7.a4 Nf6 8.d3 Be7
9.O-O Nb4 10.Nxe7 Qxe7 11.Bg5 h6 12.Bxf6 Qxf6 13.a5 O-O 14.Na4 Qg6 15.c3 Nc6
16.Nb6 Rad8 17.Nd5 Rd7 18.f4 Bxd5 19.f5 Qf6 20.Bxd5 Ne7 21.Qa4 Rfd8 22.Ra3 Nxd5
23.exd5 Rc7 24.Rb3 Qg5 25.Qe4 f6 26.Rb6 Kf7 27.h3 Qd2 28.Rf3 Qc2 29.Qg4 Qe2
30.Kh2 Kg8 31.Qg6 e4 32.Rxd6 Rxd6 33.Qe8+ Kh7 34.Qg6+  1/2-1/2

[Event "Lugano op"]
[Site "Lugano"]
[Date "1999.03.12"]
[Round "3"]
[White "Mantovani, Renzo"]
[Black "Caposciutti, Maurizio"]
[Result "1/2-1/2"]
[WhiteElo "2377"]
[BlackElo "2273"]

1.e4 c5 2.Nf3 Nc6 3.Nc3 Nf6 4.g3 d6 5.Bg2 Bg4 6.h3 Bxf3 7.Qxf3 g6 8.O-O Bg7
9.Qd1 O-O 10.d3 Nd7 11.Bd2 Nd4 12.Ne2 Nxe2+ 13.Qxe2 Rb8 14.c3 b5 15.a3 a5
16.Be3 b4 17.axb4 axb4 18.d4 bxc3 19.bxc3 Rb3 20.Qc2 Qb6 21.Rfb1 c4 22.Rxb3 cxb3
23.Qb2 Rb8 24.Ra4 Qc7 25.Ra3 Qc4 26.Bf3 h5 27.Kg2 Nf6 28.Bg5 Qe6 29.d5 Qc8
30.Rxb3 Rxb3 31.Qxb3 Qc7 32.Qa3 Kh7 33.Qb4 Nd7 34.Bxe7 Nc5 35.Bg5 Nd3 36.Qb1 Qxc3
37.Be2 Ne1+ 38.Kf1 Nf3 39.Qc1 Nxg5 40.Qxg5 Qe5 41.Qe3 Qd4 42.Qf4  1/2-1/2

[Event "AUT-chT2M 9899"]
[Site "Austria"]
[Date "1999.03.13"]
[Round "10"]
[White "Peterwagner, Heinz"]
[Black "Brandstaetter, Friedrich"]
[Result "1/2-1/2"]
[WhiteElo "2215"]
[BlackElo "2135"]

1.e4 c5 2.Nc3 Nc6 3.Nf3 d6 4.d4 cxd4 5.Nxd4 Nf6 6.Be2 e5 7.Nf3 h6 8.O-O Be7
9.Re1 O-O 10.h3 a6 11.a4 b6 12.Bc4 Be6 13.Nd5 Bxd5 14.Bxd5 Nxd5 15.Qxd5 Qc7
16.Bd2 Rac8 17.c4 a5 18.Rad1 Nd8 19.b3 Ne6 20.Be3 Nc5 21.Bxc5  1/2-1/2

[Event "Spring Festival 15th"]
[Site "Budapest"]
[Date "1999.03.18"]
[Round "2"]
[White "Vereb, Andras"]
[Black "Struk, Jerzy"]
[Result "0-1"]
[WhiteElo "2104"]
[BlackElo "2200"]

1.e4 c5 2.Nc3 Nc6 3.Nge2 g6 4.d4 cxd4 5.Nxd4 Bg7 6.Be3 d6 7.Qd2 Nf6 8.f3 O-O
9.g4 Nxd4 10.Bxd4 Be6 11.O-O-O Qa5 12.Kb1 Rfc8 13.Bxf6 Rxc3 14.Qxc3 Qxa2+
15.Kc1 Bxf6 16.Qa3 Bg5+ 17.Rd2 Qxa3 18.bxa3 Rc8 19.Kd1 Bxd2 20.Kxd2 Rc5 21.Be2 Ra5
22.Ra1 g5 23.c4 b6 24.Kc3 Kg7 25.Kd4 Ra4 26.Kc3 Kf6 27.Kb3 b5 28.Rc1 Ke5
29.Rd1 Kf4 30.Rd5 Bxd5 31.exd5 Rxc4 32.Bxc4 bxc4+ 33.Kxc4 e6 34.a4 Kxf3  0-1

[Event "MI Festival GM"]
[Site "Bucharest"]
[Date "1999.03.22"]
[Round "3"]
[White "Marjanovic, Slavoljub"]
[Black "Moraru, Marius"]
[Result "1-0"]
[WhiteElo "2451"]
[BlackElo "2408"]

1.e4 c5 2.Nf3 Nc6 3.Nc3 g6 4.d4 cxd4 5.Nxd4 Bg7 6.Nb3 Nf6 7.Be2 O-O 8.O-O d6
9.Re1 Be6 10.Bg5 Ne5 11.Nd5 Bxd5 12.exd5 Rc8 13.c3 Nc4 14.Bxc4 Rxc4 15.Qd3 b5
16.Nd2 Rc8 17.a4 Nxd5 18.axb5 Qd7 19.Qxd5 Rc5 20.Rxe7 Qxb5 21.Qb7 Rxg5 22.Rxa7 Qd5
23.g3 Bf6 24.Re2 Qd3 25.Qf3 Rd5 26.Qxd3 Rxd3 27.Ne4 Bg7 28.Kg2 d5 29.Nc5 Rd1
30.Ree7  1-0

[Event "Novgorod op"]
[Site "Novgorod"]
[Date "1999.03.22"]
[Round "4"]
[White "Lastin, Alexander"]
[Black "Volzhin, Alexander"]
[Result "1/2-1/2"]
[WhiteElo "2558"]
[BlackElo "2548"]

1.e4 c5 2.Nf3 Nc6 3.Nc3 g6 4.Bb5 Bg7 5.O-O d6 6.e5 dxe5 7.Bxc6+ bxc6 8.Re1 f6
9.b3 Nh6 10.Ba3 Qa5 11.Na4 c4 12.d4 cxd3 13.cxd3 Bg4 14.d4 Nf5 15.dxe5 Rd8
16.Qe2 fxe5 17.Qe4 Bxf3 18.Qxf3 Qd5 19.Qg4 O-O 20.Rad1 h5 21.Rxd5 hxg4 22.Rdd1 e4
23.Bc5 a6 24.Rxd8 Rxd8 25.Kf1 e3 26.fxe3 Rd2 27.Re2 g3 28.h3 Rd1+ 29.Re1 Rd2
30.Re2 Rd1+  1/2-1/2

[Event "Amber Blindfold"]
[Site "Monte Carlo"]
[Date "1999.03.24"]
[Round "8"]
[White "Ivanchuk, Vassily"]
[Black "Van Wely, Loek"]
[Result "1/2-1/2"]
[WhiteElo "2714"]
[BlackElo "2632"]

1.e4 c5 2.Nf3 Nc6 3.Nc3 g6 4.d4 cxd4 5.Nxd4 Bg7 6.Be3 Nf6 7.Bc4 Qa5 8.O-O O-O
9.Bb3 d6 10.h3 Bd7 11.f4 Nxd4 12.Bxd4 Bc6 13.Qd3 Rad8 14.Rad1 Nd7 15.Bxg7 Kxg7
16.Kh2 Qc5 17.Bd5 Qb4 18.b3 Rc8 19.Rf3 Qc5 20.Bxc6 Rxc6 21.Rd2 Nf6 22.Nd5 Nxd5
23.exd5 Rc7 24.f5 b5 25.Re2 Kg8 26.Rg3 Kh8 27.Rge3 b4 28.Rxe7 Rxe7 29.Rxe7 Qf2
30.fxg6 hxg6 31.Rc7 Kg8 32.Qg3 Qf6 33.Rxa7 Rc8 34.Rd7 Rxc2 35.Rxd6 Qf5 36.Rd8+ Kg7
37.Qd6 Rxg2+ 38.Kxg2 Qc2+ 39.Kf3 Qd3+ 40.Kg4 Qf5+ 41.Kg3 Qd3+  1/2-1/2

[Event "Bled op"]
[Site "Bled"]
[Date "1999.03.25"]
[Round "6"]
[White "Jukic, Branimir"]
[Black "Gustafsson, Jan"]
[Result "1/2-1/2"]
[WhiteElo "2378"]
[BlackElo "2416"]

1.e4 c5 2.Nf3 Nc6 3.Nc3 g6 4.d4 cxd4 5.Nxd4 Bg7 6.Be3 Nf6 7.Bc4 Qa5 8.O-O O-O
9.Bb3 d6 10.h3 Bd7 11.Re1 Rfe8 12.Nf3 Rac8 13.Qd2 Nh5 14.Rad1 Ne5 15.Nxe5 Bxe5
16.f4 Bxc3 17.bxc3 Be6 18.Qf2 a6  1/2-1/2

[Event "Bled op"]
[Site "Bled"]
[Date "1999.03.28"]
[Round "9"]
[White "Podlesnik, Bogdan"]
[Black "Osterman, Rudolf"]
[Result "1-0"]
[WhiteElo "2409"]
[BlackElo "2376"]

1.e4 c5 2.Nc3 Nc6 3.Nf3 e5 4.Bc4 Be7 5.d3 Nf6 6.Nd2 d6 7.Nf1 Be6 8.Ne3 a6
9.a4 O-O 10.O-O Nd4 11.Ncd5 Rb8 12.c3 Nc6 13.Nxf6+ Bxf6 14.Qf3 Qd7 15.Nd5 Bd8
16.Qg3 Kh8 17.f4 b5 18.axb5 axb5 19.Ba2 f6 20.fxe5 Nxe5 21.Bf4 Re8 22.d4 cxd4
23.cxd4 Bxd5 24.Bxd5 Bb6 25.Rfd1 Red8 26.Kh1 Ng6 27.Bc1 Ne7 28.Bb3 Nc6 29.Be3 Qe7
30.Qh4 Re8 31.Bc2 g5 32.Qh3 Nb4 33.Bb1 d5 34.e5 Rb7 35.Rf1 fxe5 36.Bg6 Rg8
37.Rf7 Qxf7 38.Bxf7 Rxf7 39.Qe6 Rgf8 40.Qxe5+ Kg8 41.Qxg5+  1-0

[Event "Bled op"]
[Site "Bled"]
[Date "1999.03.28"]
[Round "9"]
[White "Ankerst, Mihael"]
[Black "Licina, Anita"]
[Result "1/2-1/2"]
[WhiteElo "2316"]
[BlackElo "2173"]

1.e4 c5 2.Nf3 Nc6 3.Nc3 Nf6 4.Bb5 g6 5.Bxc6 dxc6 6.h3 Bg7 7.d3 O-O 8.Be3 b6
9.Qd2 Re8 10.Bh6 Bh8 11.O-O Nd7 12.Ng5 Nf8 13.f4 Ne6 14.f5 Nxg5 15.Qxg5 Bf6
16.Qd2 c4 17.Rf3 cxd3 18.cxd3 Ba6 19.Rd1 c5 20.Nd5 Bd4+ 21.Be3 Bxe3+ 22.Qxe3 Bb7
23.d4 cxd4 24.Rxd4 Bxd5 25.Rxd5 Qc7 26.Qh6 Red8 27.Rc3 Qb8 28.Qd2 e6 29.Rxd8+ Qxd8
30.Qxd8+ Rxd8 31.f6 h5 32.e5 Rd5 33.Rc8+ Kh7 34.Rf8 Rd7 35.h4 g5 36.g4 gxh4
37.gxh5 Kh6 38.Rh8+ Kg5 39.h6 Kg6 40.h7 a5 41.Kg2 Rd5 42.Rf8 Kxh7 43.Rxf7+ Kh6
44.Rb7 b5 45.Rb8 Kg6 46.Rg8+ Kf7 47.Rg5 Rd2+ 48.Kh3 Kf8 49.Rg2 Rd5 50.Re2 Rd4
51.Rc2 Rd5 52.Re2 Rd4  1/2-1/2

[Event "Swidnica"]
[Site "Swidnica"]
[Date "1999.03.28"]
[Round "5"]
[White "Macieja, Bartlomiej"]
[Black "Zezulkin, Jurij"]
[Result "1/2-1/2"]
[WhiteElo "2553"]
[BlackElo "2473"]

1.e4 c5 2.Nf3 Nc6 3.Nc3 g6 4.d4 cxd4 5.Nxd4 Bg7 6.Be3 Nf6 7.Bc4 Qa5 8.O-O O-O
9.Nb3 Qd8 10.f4 d6 11.Be2 Be6 12.f5 Bd7 13.g4 Rc8 14.g5 Nxe4 15.Nxe4 Bxf5
16.Nc3 Nb4 17.Nd4 Bxd4 18.Qxd4 Nxc2 19.Qxa7 Ra8 20.Qb6 Qxb6 21.Bxb6 Nxa1
22.Rxa1 Rfc8 23.a4 h6 24.gxh6 Bd7 25.a5 Kh7 26.Ra3 f5 27.b4 Rc6 28.Bd4 e5
29.b5 Rcc8 30.Be3 Be6 31.Bf3 e4 32.Be2 g5 33.Bxg5 Rg8 34.h4 d5  1/2-1/2

[Event "Hessen-ch"]
[Site "Baunatal"]
[Date "1999.03.29"]
[Round "6"]
[White "Kersten, Uwe"]
[Black "Schracke, Guido"]
[Result "1-0"]
[WhiteElo "2383"]
[BlackElo "2115"]

1.e4 c5 2.Nf3 Nc6 3.Nc3 g6 4.d4 cxd4 5.Nxd4 Bg7 6.Be3 d6 7.Qd2 Bd7 8.O-O-O Rc8
9.f3 a6 10.Kb1 Ne5 11.g4 b5 12.h4 h5 13.g5 Nc4 14.Bxc4 Rxc4 15.Nde2 a5 16.Nd5 a4
17.Nb6 Rc6 18.Nxd7 Qxd7 19.Qa5 Qb7 20.Rd5 Ra6 21.Qb4  1-0